00347nam a2200133Ia 4500008004100000020001800041041001200059100001300071245006700084250000900151260003100160300000800191650001400199221030s9999 xx 000 0 und d a9789388548410 aEnglish aA. Sapre 0aRatan Lal & Dhiraj Lal: The Law of Torts 28th Ed.cby A. Sapre a28th bLexis NexisaGurgaonc2022 a848 aTorts Law